| 000 | 00706nam a2200265Ia 4500 | ||
|---|---|---|---|
| 008 | 190123s9999 xx 000 0 und d | ||
| 020 | _a9780545495271 | ||
| 050 | _bK957 2005 | ||
| 100 | _aKudlinski, Kathleen V. | ||
| 245 | 0 | _aBoy, were we wrong about dinosaurs / | |
| 245 | 0 | _cby Kathleen V. Kudlinski ; illustrated by S. D. Schindler. | |
| 260 | _aNew York, New York : | ||
| 260 | _bScholastic, | ||
| 260 | _c2005 | ||
| 300 | _aunpaged : | ||
| 300 | _bcolored illustrations ; | ||
| 300 | _c20cm. | ||
| 500 | _a900L | ||
| 650 | _aCommon fallacies. | ||
| 650 | _aDinosaurs. | ||
| 650 | _aErrors, Scientific. | ||
| 650 | _aScience. | ||
| 700 | _aSchindler, S. D. | ||
| 700 | _aTitle. | ||
| 999 |
_c361102 _d361102 |
||